000 00542nam a2200205Ia 4500
005 20250508153227.0
008 008 250505s9999 xx 000 0 eng d
037 _aTextual
040 _aFEDL
_beng
_cFEDL
041 _aeng
_2eng
084 _a301, HAU
_qFEDL
100 _aHauser Richard
_9135224
245 0 _aFraternal society
260 _aLondon, UK
_bThe Bodley Head
_c1962
300 _a221p
650 _aSociology
700 _a Hauser Hephzibah
_9763464
942 _cTEXL
_h301, HAU
999 _c1341382
_d1341382